000 00874nam a2200253Ia 4500
003 OSt
005 20221005112917.0
006 a|||||r|||| 00| 0
007 ta
008 221004b |||||||| |||| 00| 0 pan d
020 _a9788175993112 (hbk)
_c250
024 _a26568
037 _b1007, 31/12/2015, H.K. Prakashan
_cTextual
040 _aCRL
_cCRL
_bpan
041 _2pan
_apan
082 _aO153,1x, Q5
100 _aਯੋਧੇ, ਹਰਮੇF ਕੌਰ
245 0 _aਜਿਊਣ ਰੁੱਖਾਂ ਦੀਆਂ ਛਾਵਾਂ
260 _aਦਿੱਲੀ
_bਨਵਯੁਗ ਪਬਲਿFਰਗ਼ ਭਾਰਤ
_c2015
300 _a166ਪੰ
_ccm.
650 _aਪੰਜਾਬੀ ਸਾਹਿਤ
942 _hO153,1x, Q5
_cTEXL
_2cc
999 _c1026393
_d1026393